Catálogo
 En Linea

Sepé Tiaraju : (Registro nro. 44007)

Detalles MARC
000 -CABECERA
campo de control de longitud fija 00617nam a2200169 a 4500
001 - NÚMERO DE CONTROL
campo de control 000044518
005 - FECHA Y HORA DE LA ÚLTIMA TRANSACCIÓN
campo de control 20201002045430.0
008 - DATOS DE LONGITUD FIJA--INFORMACIÓN GENERAL
campo de control de longitud fija 140704s2010 bl a 000 0 spa d
020 ## - NÚMERO INTERNACIONAL ESTÁNDAR DEL LIBRO
Número Internacional Estándar del Libro 9788573656923
040 ## - FUENTE DE LA CATALOGACIÓN
Centro catalogador/agencia de origen DO-SdBNP
Lengua de catalogación spa
Centro/agencia transcriptor BNPHU
082 ## - NÚMERO DE LA CLASIFICACIÓN DECIMAL DEWEY
Número de clasificación xxxx
Número de documento/Ítem xxxx
245 00 - MENCIÓN DE TÍTULO
Título Sepé Tiaraju :
Resto del título herói guarani, missioneiro, rio-grandense e agora, herói brasileiro.
260 ## - PUBLICACIÓN, DISTRIBUCIÓN, ETC.
Lugar de publicación, distribución, etc. Brasília :
Nombre del editor, distribuidor, etc. Centro de Documentaçâo e Informaçâo : Ediçôes Câmara,
Fecha de publicación, distribución, etc. 2010.
300 ## - DESCRIPCIÓN FÍSICA
Extensión 51 p. :
Otras características físicas il. ;
Dimensiones 21 x 27 cm.
490 1# - MENCIÓN DE SERIE
Mención de serie Obras comemorativas
-- personalidades
Designación de volumen o secuencia 1
830 #0 - PUNTO DE ACCESO ADICIONAL DE SERIE-TÍTULO UNIFORME
Título uniforme Obras comemorativas
Nombre de parte o sección de la obra personalidades ;
Designación de volumen o secuencia 1
9 (RLIN) 72540
Existencias
Estado de retiro Estado de pérdida Restricciones de uso No para préstamo Código de colección Localización permanente Ubicación/localización actual Ubicación en estantería Fecha de adquisición Número de inventario Total de préstamos Signatura topográfica completa Código de barras Fecha visto por última vez Precio válido a partir de Tipo de ítem Koha
      Excluido de préstamo Monografías: Libros y Folletos General General En catalogación 04.07.2014 LF1   xxxx xxxx 44518-10 25.06.2020 25.06.2020 No se presta

Con tecnología Koha